000
00303nam a2200109Ia 4500
008
190216s9999||||xx |||||||||||||| ||und||
100
_a
Aditham Bhujanga Rao
245
0
_a
Essential Mathematics For Professional Examinations
260
_b
Tata Mcgrawhill Publishers
650
_a
Mathematics
942
_c
BK
999
_c
30646
_d
30646